Germany and the Germans

Bibliographic Details
Format: Book
Published: London : Gloucester Press , 1992
Series:Focus On
Subjects:

MARC

LEADER 00000cam a2200000 7i4500
001 0000002708
002 000002936
005 20060206.0
020 |a 0749609907 
090 0 0 |a 030   |b FOC 
245 1 0 |a Germany and the Germans   |c Anita Ganeri 
260 |a London :   |b Gloucester Press ,   |c 1992 
300 |a 32p. :   |b ill ;   |c 28cm. 
490 0 |a Focus On 
650 0 0 |a Germany   |x Juvenile literature 
999 |a 036177   |b BUKU   |c JUNIOR BOOKS   |e PERPUSTAKAAN KOMUNITI PETALING JAYA